El discurso de la Dignitas Hominis en el Humanismo del renacimiento

Detalles Bibliográficos
Autor principal: Pel,̌ Antonio
Formato: Libro
Lenguaje:español
Publicado: Madrid : Dykinson, 2012
Materias:
Acceso en línea:http://www.vlex.com/source/6957

MARC

LEADER 00000nam a22000007a 4500
005 20130114155837.0
007 cr|||| ||||
008 130114t2012 sp ||||| |||| 00||0 spa d
020 |a 978-84-15455-24-0 
035 |a 6957 
040 |a vLex 
090 |c 3510  |d 3510 
100 1 0 |a Pel,̌ Antonio 
245 1 3 |a El discurso de la Dignitas Hominis en el Humanismo del renacimiento   |h [Recurso electrn̤ico] /  |c Antonio Peľ 
256 |a Servicio en ln̕ea 
260 |a Madrid :  |b Dykinson,   |c 2012 
300 |a 1 Recurso electrn̤ico 
650 0 4 |a Historia 
650 0 4 |a Derecho 
740 |a vLex Libros (Servicio en ln̕ea) 
856 |u http://www.vlex.com/source/6957 
942 |c BOOK 
999 0 |a Law 
999 0 |a History